Former and Present Country Names Quiz Stats

Quiz Updated Jun 8, 2016

Challenge
Share
Tweet
Embed
Score 0/32 Timer 08:00
0 Plays Today
% Correct
Iran
93.1%
Myanmar
89%
Jordan
86.6%
Bangladesh
82.7%
Thailand
81.1%
Belize
74.6%
Sri Lanka
74%
Togo
72.6%
Guinea Bissau
67.3%
Tanzania
65.3%
Democratic Republic of the Congo
61.6%
Cambodia
60.2%
Zimbabwe
59.3%
Namibia
55.4%
Suriname
54.6%
Mozambique
51.5%
% Correct
Guinea
50.3%
Ghana
47.6%
Micronesia
44.5%
Madagascar
43.6%
Zambia
37.4%
Burkina Faso
36.9%
Botswana
36.9%
Vanuatu
34.2%
Kiribati
31.5%
Tuvalu
26.8%
Lesotho
25%
Djibouti
24.9%
Malawi
24.4%
Benin
23.4%
Mali
22%
Central African Republic
20.2%

You're not logged in!

Compare scores with friends on all Sporcle quizzes.
Join for Free
OR
Log In

You Might Also Like...

Show Comments

Extras

Top Quizzes Today


Score Distribution

Your Account Isn't Verified!

In order to create a playlist on Sporcle, you need to verify the email address you used during registration. Go to your Sporcle Settings to finish the process.

Report this User

Report this user for behavior that violates our Community Guidelines.

Details: